Identification of superior genotypes and prepotent parent clones of Hevea in NOrth East India by half-sib progeny analysis (Record no. 46732)
[ view plain ]
| 000 -LEADER | |
|---|---|
| fixed length control field | 02268nam a2200253Ia 4500 |
| 100 ## - MAIN ENTRY--AUTHOR NAME | |
| Personal name | Antony P D |
| 245 #0 - TITLE STATEMENT | |
| Title | Identification of superior genotypes and prepotent parent clones of Hevea in NOrth East India by half-sib progeny analysis |
| 260 ## - PUBLICATION, DISTRIBUTION, ETC. (IMPRINT) | |
| Name of publisher | Rubber Science |
| Year of publication | 2014 |
| 300 ## - PHYSICAL DESCRIPTION | |
| Number of Pages | 234-242 |
| 500 ## - GENERAL NOTE | |
| General note | Source Year: 2012 |
| 520 ## - SUMMARY, ETC. | |
| Summary, etc | Half-sib progeny analysis from selected clones has been successfully utilised for the identification of superior genotypes as well as prepotent parents for future breeding programmes in Hevea. The present study was conducted in Tripura in North East India utilising the half-sib progenies collected from nine Hevea clones and planted family-wise for seedling nursery evaluation. Girth, yield per unit girth and test tap yield were recorded two and a half year after field planting and analysed in comparison with reference clones for identification of superior genotypes and prepotent parents. Progenies of SCATC 93/114, PB 86 and Haiken 1 were superior in terms of vegetative vigour. Among the progeny families evaluated, RRIM 600 had the highest mean test tap yield (13.9 g t-1 10t-1) as well as yield per unit girth (0.78 g t-1 10t-1 cm-1). Test tap yield of the half-sib progenies ranged from 0.52 g t-1 10t-1 to 79.62 g t-1 10t-1, with an overall mean yield of 12.23 g t-1 10t-1. Selection of top 20 per cent genotypes based on rank summation index revealed that mean yield of selections from family of PB 86 and SCATC 88/13 were better than the check clone, RRIM 600. Based on the study, 110 selections were made for further evaluation and an improvement of 32.9 per cent and 136 per cent were attained in girth and yield, respectively when compared to unselected population. Based on the superior performance of progenies and higher proportion of superior progenies, PB 86, RRIM 600 and Tjir 1 were identified as prepotent clones which can be utilised in future breeding programmes. |
| 650 ## - SUBJECT ADDED ENTRY--TOPICAL TERM | |
| Topical Term | Genotypes |
| 650 ## - SUBJECT ADDED ENTRY--TOPICAL TERM | |
| Topical Term | Genotypes |
| 650 ## - SUBJECT ADDED ENTRY--TOPICAL TERM | |
| Topical Term | Half-sib progeny |
| 650 ## - SUBJECT ADDED ENTRY--TOPICAL TERM | |
| Topical Term | Half-sib progeny |
| 650 ## - SUBJECT ADDED ENTRY--TOPICAL TERM | |
| Topical Term | Prepotency |
| 650 ## - SUBJECT ADDED ENTRY--TOPICAL TERM | |
| Topical Term | Prepotency |
| 650 ## - SUBJECT ADDED ENTRY--TOPICAL TERM | |
| Topical Term | Selection |
| 650 ## - SUBJECT ADDED ENTRY--TOPICAL TERM | |
| Topical Term | Selection |
| 700 ## - ADDED ENTRY--PERSONAL NAME | |
| Personal name | Dey S K |
| 700 ## - ADDED ENTRY--PERSONAL NAME | |
| Personal name | Mydin K K |
| 942 ## - ADDED ENTRY ELEMENTS (KOHA) | |
| Koha item type | Articles |
| Withdrawn status | Lost status | Damaged status | Not for loan | Home library | Current library | Shelving location | Date acquired | Serial Enumeration / chronology | Koha item type |
|---|---|---|---|---|---|---|---|---|---|
| Articles | RRII Library | RRII Library | Botany | 09/12/2014 | Volume 27, Issue 2 | Articles |